[Event "Reykjavik op"]
[Site "Reykjavik"]
[Date "2023.04.02"]
[Round "7"]
[White "Gkogkas, Dimitrios"]
[Black "Olson, Hamish"]
[Result "0-1"]
[WhiteElo "2015"]
[BlackElo "2309"]
[PlyCount "62"]
[EventDate "2023.03.29"]
[EventType "swiss"]
[EventRounds "9"]
[EventCountry "ISL"]
[SourceTitle "EXT 2024"]
[Source "ChessBase"]
[SourceDate "2023.10.10"]
[SourceVersion "1"]
[SourceVersionDate "2023.10.10"]
[SourceQuality "1"]

1. d4 d5 2. Nf3 Nf6 3. c4 e6 4. g3 Bb4+ 5. Bd2 Be7 6. Bg2 0-0 7. Qc2 c6 8. 0-0 Nbd7 9. Bf4 a5 10. Nbd2 Nh5 11. Ne5 Nxf4 12. gxf4 g6 13. e3 Nf6 14. c5 Bd7 15. b3 b6 16. Nd3 bxc5 17. Nxc5 Qb6 18. Rfc1 Rfc8 19. Nf3 Be8 20. Ne5 Qa7 21. Ned3 Bd6 22. Qc3 Nh5 23. Bf3 Ng7 24. Bg4 Qe7 25. Kh1 Qh4 26. Rg1 g5 27. Ne5 gxf4 28. Bxe6 fxe6 29. Nxe6 Bxe5 30. dxe5 Bg6 31. Nxf4 Be4+ 0-1

[Event "Lisbon Portugal op"]
[Site "Lisbon"]
[Date "2019.02.03"]
[Round "2"]
[White "Gkogkas, Dimitrios"]
[Black "Rego, Pedro Filipe"]
[Result "1/2-1/2"]
[WhiteElo "2004"]
[BlackElo "2228"]
[PlyCount "156"]
[EventDate "2019.02.02"]
[EventType "swiss"]
[EventRounds "9"]
[EventCountry "POR"]
[SourceTitle "CBM 188 Extra"]
[Source "ChessBase"]
[SourceDate "2019.02.26"]
[SourceVersion "1"]
[SourceVersionDate "2019.02.26"]
[SourceQuality "1"]

1. Nf3 Nf6 2. c4 e6 3. Nc3 d5 4. d4 Be7 5. Bf4 c6 6. e3 Nbd7 7. h3 b6 8. Bd3 Bb7 9. 0-0 0-0 10. Qe2 c5 11. cxd5 exd5 12. dxc5 bxc5 13. Ba6 Qb6 14. Bxb7 Qxb7 15. Rfd1 Nb6 16. Rac1 Rac8 17. Qb5 Rfd8 18. Qe2 a6 19. Rc2 h6 20. b3 Bd6 21. Bxd6 Rxd6 22. Rcd2 Re6 23. Qd3 Qc7 24. Qb1 Rce8 25. Rc2 Rd8 26. Rdc1 Qe7 27. Rd1 Red6 28. Qc1 R8d7 29. Qa3 Ne4 30. Na4 Nxa4 31. Qxa4 Rg6 32. Qa5 Rdd6 33. Qe1 Qf6 34. Kh1 Kh7 35. Rdc1 Qe7 36. Nd2 Qg5 37. Qg1 Nxd2 38. Rxd2 d4 39. Rcd1 Qe5 40. exd4 Rxd4 41. Rxd4 cxd4 42. f3 Qe2 43. Rxd4 Qxa2 44. b4 Qc2 45. Rg4 Rd6 46. Qe3 Rd1+ 47. Kh2 Qc7+ 48. Qf4 Qxf4+ 49. Rxf4 Kg6 50. Rc4 Rd6 51. Kg3 Kf5 52. Rc5+ Ke6 53. b5 a5 54. b6 Rxb6 55. Rxa5 f5 56. h4 Kf6 57. Rc5 g5 58. hxg5+ hxg5 59. Ra5 Kg6 60. Ra8 Kh7 61. Ra7+ Kh6 62. Ra8 Kg7 63. Ra7+ Kf6 64. Ra5 Rd6 65. Rb5 Kg6 66. Rb8 Kg7 67. Rb7+ Kf6 68. Rb5 Re6 69. Rb8 Kg7 70. Rb7+ Kg6 71. Rb5 Re2 72. Rb6+ Kh5 73. Rb5 f4+ 74. Kh3 Re1 75. Kh2 Re6 76. Rb8 Re2 77. Kg1 Kg6 78. Kf1 Re6 1/2-1/2

[Event "Chigorin Memorial 26th"]
[Site "St Petersburg"]
[Date "2018.10.28"]
[Round "2"]
[White "Gkogkas, Dimitrios"]
[Black "Patel, Palak"]
[Result "0-1"]
[WhiteElo "2047"]
[BlackElo "1672"]
[PlyCount "94"]
[EventDate "2018.10.27"]
[EventType "swiss"]
[EventRounds "9"]
[EventCountry "RUS"]
[SourceTitle "CBM 187 Extra"]
[Source "ChessBase"]
[SourceDate "2018.11.04"]
[SourceVersion "1"]
[SourceVersionDate "2018.11.04"]
[SourceQuality "1"]

1. d4 d5 2. Nf3 e6 3. c4 c6 4. cxd5 exd5 5. Nc3 Nf6 6. Bg5 Nbd7 7. e3 Bd6 8. Bd3 h6 9. Bh4 0-0 10. 0-0 Re8 11. Qc2 a6 12. a4 Qa5 13. e4 Nxe4 14. Nxe4 dxe4 15. Bxe4 Nb6 16. Rfe1 Bg4 17. Ne5 Bxe5 18. dxe5 Kh8 19. f4 Nd5 20. h3 Be6 21. f5 Nb4 22. Qc3 Bd5 23. Bb1 c5 24. Bf2 Rac8 25. f6 Rg8 26. Qe3 Qb6 27. Qf4 Qe6 28. Bf5 Qc6 29. Rac1 b6 30. Bb1 Bxg2 31. Qf5 g6 32. Qf4 g5 33. Qf5 Rg6 34. Qg4 Bf3 35. Qg3 Rgg8 36. Re3 Bh5 37. e6 Nd5 38. exf7 Bxf7 39. Re7 Qxf6 40. Rd7 Nf4 41. Re1 Rce8 42. Rxe8 Rxe8 43. Kh2 Re2 44. Qf3 Qxb2 45. Qa8+ Kg7 46. Rxf7+ Kxf7 47. Qb7+ Re7 0-1

[Event "GRE-chT 46th"]
[Site "Rio Achaia"]
[Date "2018.07.14"]
[Round "6.1"]
[White "Michelakos, Panagiotis"]
[Black "Gkogkas, Dimitrios"]
[Result "1-0"]
[WhiteElo "2244"]
[BlackElo "2038"]
[PlyCount "77"]
[EventDate "2018.07.10"]
[EventType "team"]
[EventRounds "7"]
[EventCountry "GRE"]
[SourceTitle "CBM 185 Extra"]
[Source "ChessBase"]
[SourceDate "2018.07.29"]
[SourceVersion "1"]
[SourceVersionDate "2018.07.29"]
[SourceQuality "1"]
[WhiteTeam "Nikaia Fysiolatris"]
[BlackTeam "Chania OA"]
[WhiteTeamCountry "GRE"]
[BlackTeamCountry "GRE"]

1. e4 c5 2. Nf3 d6 3. d4 cxd4 4. Nxd4 Nf6 5. Nc3 g6 6. Be3 Bg7 7. f3 Nc6 8. Qd2 0-0 9. Bc4 Bd7 10. Bb3 Na5 11. Bh6 Nxb3 12. axb3 Bxh6 13. Qxh6 Qb6 14. Rd1 Rac8 15. h4 e5 16. Nde2 Be6 17. g4 Bxg4 18. fxg4 Nxg4 19. Qg5 Rxc3 20. bxc3 Nf2 21. Rf1 Nxe4 22. Qg1 Qd8 23. Qh2 f5 24. h5 g5 25. Ng3 Nxc3 26. Nxf5 Nxd1 27. Kxd1 Qd7 28. Qh3 Kh8 29. h6 Qe6 30. Kc1 e4 31. Qg4 Qf6 32. Qxe4 Qa1+ 33. Kd2 Qa5+ 34. b4 Qe5 35. Qxe5+ dxe5 36. Ke3 Rc8 37. Ne7 Re8 38. Rf7 g4 39. Nd5 1-0

[Event "GRE-chT 46th"]
[Site "Rio Achaia"]
[Date "2018.07.12"]
[Round "4.2"]
[White "Gkogkas, Dimitrios"]
[Black "Papadopoulos, Ioannis K"]
[Result "1/2-1/2"]
[WhiteElo "2038"]
[BlackElo "2410"]
[PlyCount "49"]
[EventDate "2018.07.10"]
[EventType "team"]
[EventRounds "7"]
[EventCountry "GRE"]
[SourceTitle "CBM 185 Extra"]
[Source "ChessBase"]
[SourceDate "2018.07.29"]
[SourceVersion "1"]
[SourceVersionDate "2018.07.29"]
[SourceQuality "1"]
[WhiteTeam "Chania OA"]
[BlackTeam "Kavalas"]
[WhiteTeamCountry "GRE"]
[BlackTeamCountry "GRE"]

1. d4 Nf6 2. Nf3 e6 3. Bf4 c5 4. e3 Be7 5. h3 0-0 6. c3 b6 7. Nbd2 Bb7 8. Bd3 d5 9. 0-0 Nc6 10. Ne5 Nxe5 11. Bxe5 Nd7 12. Bg3 a6 13. a4 Re8 14. Qb1 g6 15. b4 c4 16. Bc2 Bf8 17. Nf3 a5 18. b5 Bg7 19. Rd1 f5 20. Ne5 Nf6 21. Bh4 Qc7 22. Bg3 Qe7 23. Bh4 Qc7 24. Bg3 Qe7 25. Bh4 1/2-1/2

[Event "Belgrade Trophy 31st"]
[Site "Belgrade"]
[Date "2017.12.01"]
[Round "8"]
[White "Gkogkas, Dimitrios"]
[Black "Mitrovic, Vladan"]
[Result "1/2-1/2"]
[WhiteElo "2088"]
[BlackElo "1881"]
[PlyCount "83"]
[EventDate "2017.11.24"]
[EventType "swiss"]
[EventRounds "9"]
[EventCountry "SRB"]
[SourceTitle "CBM 181 Extra"]
[Source "ChessBase"]
[SourceDate "2017.12.12"]
[SourceVersion "1"]
[SourceVersionDate "2017.12.12"]
[SourceQuality "1"]

1. d4 Nf6 2. c4 e6 3. Nc3 Bb4 4. Qc2 d5 5. cxd5 Nxd5 6. e4 Nxc3 7. bxc3 Be7 8. Nf3 c5 9. Bb5+ Bd7 10. Rb1 0-0 11. 0-0 Bxb5 12. Rxb5 b6 13. Rd1 cxd4 14. cxd4 Qc8 15. Qb1 g6 16. d5 exd5 17. Bh6 Rd8 18. exd5 Bf6 19. Bg5 Bxg5 20. Nxg5 Re8 21. d6 h6 22. Ne4 Nd7 23. f3 Re6 24. Rc1 Qe8 25. g4 a6 26. Rd5 Re5 27. Qd3 Qe6 28. Rd1 Re8 29. Kg2 f5 30. gxf5 Rxf5 31. Rxf5 gxf5 32. Ng3 f4 33. Ne4 Qxa2+ 34. Kh1 Re5 35. Rc1 Rh5 36. Qc4+ Qxc4 37. Rxc4 Rd5 38. Rc7 Rd1+ 39. Kg2 Nc5 40. Nxc5 bxc5 41. d7 Kf8 42. Rxc5 1/2-1/2

[Event "Belgrade Trophy 31st"]
[Site "Belgrade"]
[Date "2017.11.30"]
[Round "7"]
[White "Popovic, Aleksandar M"]
[Black "Gkogkas, Dimitrios"]
[Result "1-0"]
[WhiteElo "2263"]
[BlackElo "2088"]
[PlyCount "127"]
[EventDate "2017.11.24"]
[EventType "swiss"]
[EventRounds "9"]
[EventCountry "SRB"]
[SourceTitle "CBM 181 Extra"]
[Source "ChessBase"]
[SourceDate "2017.12.12"]
[SourceVersion "1"]
[SourceVersionDate "2017.12.12"]
[SourceQuality "1"]

1. g3 g6 2. Bg2 Bg7 3. e4 c5 4. Nf3 Nc6 5. 0-0 d6 6. c3 e5 7. d3 Nge7 8. a4 0-0 9. Na3 h6 10. Be3 f5 11. exf5 Nxf5 12. Bd2 Be6 13. b4 cxb4 14. cxb4 d5 15. Rb1 Qd7 16. Re1 Nfd4 17. Nxd4 Nxd4 18. Re3 Rac8 19. Rc1 Rxc1 20. Bxc1 h5 21. Bb2 Bh3 22. Bxd4 exd4 23. Re1 Bxg2 24. Kxg2 h4 25. Nb1 Qf5 26. Qe2 Kh7 27. h3 hxg3 28. fxg3 Bh6 29. Rf1 Qxf1+ 30. Qxf1 Rxf1 31. Kxf1 a6 32. b5 axb5 33. axb5 Kg7 34. h4 Kf6 35. Ke2 Ke6 36. Nd2 Kf5 37. Nf3 Be3 38. Nh2 Bg1 39. Nf3 Be3 40. Kf1 Ke6 41. g4 Kd6 42. Ke2 Ke6 43. Ne1 Ke5 44. Ng2 Bc1 45. Kf3 Bd2 46. Kg3 Bc1 47. Ne1 Bf4+ 48. Kh3 Be3 49. Kg3 Bf4+ 50. Kf3 Bd2 51. Nc2 Bc1 52. Na1 Ba3 53. Nb3 Bf8 54. g5 Bg7 55. Kg4 Kd6 56. h5 gxh5+ 57. Kxh5 Kc7 58. Kg6 Bh8 59. Kh7 Be5 60. Nc5 Bd6 61. g6 Be5 62. Na4 Kd6 63. g7 Bxg7 64. Kxg7 1-0

[Event "Belgrade Trophy 31st"]
[Site "Belgrade"]
[Date "2017.11.29"]
[Round "6"]
[White "Gkogkas, Dimitrios"]
[Black "Pihajlic, Amalija"]
[Result "1-0"]
[WhiteElo "2088"]
[BlackElo "1854"]
[PlyCount "67"]
[EventDate "2017.11.24"]
[EventType "swiss"]
[EventRounds "9"]
[EventCountry "SRB"]
[SourceTitle "CBM 181 Extra"]
[Source "ChessBase"]
[SourceDate "2017.12.12"]
[SourceVersion "1"]
[SourceVersionDate "2017.12.12"]
[SourceQuality "1"]

1. d4 d5 2. Nf3 Bf5 3. c4 e6 4. Nc3 Nc6 5. cxd5 exd5 6. Bf4 Nf6 7. e3 Bd6 8. Ne5 0-0 9. Be2 Re8 10. Bb5 Bd7 11. Nxd7 Qxd7 12. Bg5 Ne4 13. Bh4 Bb4 14. Rc1 Re6 15. Qg4 a6 16. Be2 Ne7 17. 0-0 Bxc3 18. bxc3 Qa4 19. Bd3 f5 20. Qe2 Ng6 21. Bg3 Nxg3 22. hxg3 Ne7 23. c4 c6 24. cxd5 cxd5 25. Rc7 Rb8 26. Rfc1 g6 27. Qb2 b5 28. Bc2 Qa5 29. Bb3 Kf8 30. Qc3 Qb6 31. Qc5 Qxc5 32. R1xc5 Rd6 33. Ra7 Rc8 34. Rxe7 1-0

[Event "GRE-chT 45th"]
[Site "Achaia"]
[Date "2017.07.05"]
[Round "4.7"]
[White "Gkogkas, Dimitrios"]
[Black "Papadopoulos, Panayotis"]
[Result "1/2-1/2"]
[WhiteElo "2094"]
[BlackElo "2172"]
[PlyCount "126"]
[EventDate "2017.07.03"]
[EventType "team-swiss"]
[EventRounds "7"]
[EventCountry "GRE"]
[SourceTitle "CBM 179 Extra"]
[Source "ChessBase"]
[SourceDate "2017.08.23"]
[SourceVersion "1"]
[SourceVersionDate "2017.08.23"]
[SourceQuality "1"]
[WhiteTeam "Chania OA"]
[BlackTeam "Moudanion"]
[WhiteTeamCountry "GRE"]
[BlackTeamCountry "GRE"]

1. d4 Nf6 2. Nf3 c5 3. e3 g6 4. c4 cxd4 5. exd4 d5 6. Nc3 Bg7 7. Qb3 0-0 8. cxd5 Nbd7 9. d6 exd6 10. Be2 Nb6 11. 0-0 Be6 12. Qd1 h6 13. h3 Rc8 14. Bf4 Nfd5 15. Nxd5 Nxd5 16. Bg3 Qb6 17. Qd2 Rc6 18. Rfc1 Rfc8 19. Rxc6 Qxc6 20. Bd1 Nf6 21. Qb4 Ne4 22. Bf4 g5 23. Be3 Nf6 24. Rc1 Qa6 25. Rxc8+ Bxc8 26. Bb3 Be6 27. Bxe6 fxe6 28. Qb3 Nd5 29. Qc2 Nxe3 30. Qc8+ Kh7 31. fxe3 Qxa2 32. Qxb7 Qc4 33. Qe4+ Kg8 34. Qa8+ Bf8 35. Qxa7 Qc1+ 36. Kf2 Qxb2+ 37. Kg3 Qb3 38. Kf2 Qc2+ 39. Kf1 Qf5 40. Kg1 h5 41. Qa2 g4 42. hxg4 hxg4 43. Nh2 g3 44. Nf1 Qg4 45. Qa8 Qg5 46. Qe4 e5 47. dxe5 dxe5 48. Qf3 Bh6 49. e4 Qc1 50. Qxg3+ Kh7 51. Qf3 Kg7 52. g3 Qc5+ 53. Kg2 Qc2+ 54. Kh3 Qc1 55. Nh2 Bg5 56. Ng4 Qc8 57. Qf5 Qxf5 58. exf5 e4 59. Kg2 Kf7 60. Nf2 Kf6 61. Nxe4+ Kxf5 62. Nxg5 Kxg5 63. Kf3 Kf5 1/2-1/2

[Event "Prague op 16th"]
[Site "Prague"]
[Date "2017.01.16"]
[Round "5"]
[White "Prandstetter, Eduard"]
[Black "Gkogkas, Dimitrios"]
[Result "1-0"]
[WhiteElo "2241"]
[BlackElo "2135"]
[PlyCount "83"]
[EventDate "2017.01.13"]
[EventType "swiss"]
[EventRounds "9"]
[EventCountry "CZE"]
[SourceTitle "CBM 176 Extra"]
[Source "ChessBase"]
[SourceDate "2017.03.02"]
[SourceVersion "1"]
[SourceVersionDate "2017.03.02"]
[SourceQuality "1"]

1. e4 d6 2. d4 Nf6 3. Nc3 g6 4. g3 Bg7 5. Bg2 0-0 6. Nge2 Na6 7. h3 c5 8. Be3 Rb8 9. 0-0 cxd4 10. Bxd4 Nc5 11. e5 Nfd7 12. exd6 Bxd4 13. Qxd4 exd6 14. Qxd6 Qf6 15. Qxf6 Nxf6 16. Rad1 Be6 17. Nd4 Bc4 18. Rfe1 Rfd8 19. b3 Ne6 20. Nxe6 Bxe6 21. Nb5 Nd5 22. c4 Nb4 23. a3 Nd3 24. Re3 Nc5 25. Rxd8+ Rxd8 26. Nxa7 Rd1+ 27. Kh2 Rd2 28. g4 Rxf2 29. Kg3 Rd2 30. b4 Nd3 31. c5 g5 32. Bxb7 Nf4 33. Bf3 f5 34. gxf5 Bxf5 35. Re5 Be6 36. Rxg5+ Ng6 37. c6 Kg7 38. Rc5 Ne7 39. c7 Nf5+ 40. Kf4 Kf6 41. c8Q Rd4+ 42. Be4 1-0

[Event "Bad Woerishofen op 32nd"]
[Site "Bad Woerishofen"]
[Date "2016.02.27"]
[Round "2"]
[White "Gkogkas, Dimitrios"]
[Black "Milov, Leonid"]
[Result "1/2-1/2"]
[WhiteElo "2136"]
[BlackElo "2439"]
[PlyCount "44"]
[EventDate "2016.02.26"]
[EventType "swiss"]
[EventRounds "9"]
[EventCountry "GER"]
[SourceTitle "CBM 171 Extra"]
[Source "ChessBase"]
[SourceDate "2016.04.26"]
[SourceVersion "1"]
[SourceVersionDate "2016.04.26"]
[SourceQuality "1"]

1. d4 Nf6 2. c4 c5 3. d5 a6 4. a4 e6 5. Nc3 exd5 6. cxd5 d6 7. e4 g6 8. f4 Bg7 9. Nf3 0-0 10. Be2 Re8 11. e5 dxe5 12. fxe5 Ng4 13. Bg5 Qa5 14. 0-0 Nxe5 15. d6 Be6 16. Nd5 Nbd7 17. Bd2 Qd8 18. Nc7 Nxf3+ 19. Bxf3 Bxb2 20. Rb1 Bd4+ 21. Kh1 Bc4 22. Nxa8 Bxf1 1/2-1/2

[Event "Moscow op-A"]
[Site "Moscow"]
[Date "2015.02.04"]
[Round "5"]
[White "Gumirov, Konstantin L"]
[Black "Gkogkas, Dimitrios"]
[Result "1-0"]
[WhiteElo "1988"]
[BlackElo "2175"]
[PlyCount "30"]
[EventDate "2015.01.31"]
[EventType "swiss"]
[EventRounds "9"]
[EventCountry "RUS"]
[SourceTitle "CBM 164 Extra"]
[Source "ChessBase"]
[SourceDate "2015.03.02"]
[SourceVersion "1"]
[SourceVersionDate "2015.03.02"]
[SourceQuality "1"]

1. d4 c5 2. dxc5 Na6 3. g3 Nxc5 4. Bg2 Nf6 5. b4 Na6 6. a3 e6 7. Bb2 Be7 8. g4 Qb6 9. Qd4 Qxd4 10. Bxd4 0-0 11. h3 d6 12. Nc3 e5 13. Be3 Nc7 14. 0-0-0 Rd8 15. Nf3 Nd7 1-0

[Event "Moscow op-A"]
[Site "Moscow"]
[Date "2015.02.03"]
[Round "4"]
[White "Gkogkas, Dimitrios"]
[Black "Bolanos Lepere, Ulises"]
[Result "1/2-1/2"]
[WhiteElo "2175"]
[BlackElo "1946"]
[PlyCount "35"]
[EventDate "2015.01.31"]
[EventType "swiss"]
[EventRounds "9"]
[EventCountry "RUS"]
[SourceTitle "CBM 164 Extra"]
[Source "ChessBase"]
[SourceDate "2015.03.02"]
[SourceVersion "1"]
[SourceVersionDate "2015.03.02"]
[SourceQuality "1"]

1. d4 Nf6 2. Nf3 d6 3. Bf4 g6 4. e3 Bg7 5. h3 a6 6. Be2 Nbd7 7. 0-0 0-0 8. a4 c5 9. c3 Nd5 10. Bg3 N5f6 11. Nbd2 h6 12. a5 b5 13. axb6 Qxb6 14. Nc4 Qc7 15. Na5 Rb8 16. Qc2 Nb6 17. dxc5 Qxc5 18. Nd4 1/2-1/2

[Event "Prague op-A 11th"]
[Site "Prague"]
[Date "2012.01.16"]
[Round "4"]
[White "Gkogkas, Dimitrios"]
[Black "Mikalsen, Erlend"]
[Result "1/2-1/2"]
[WhiteElo "2215"]
[BlackElo "2045"]
[PlyCount "49"]
[EventDate "2012.01.13"]
[EventType "swiss"]
[EventRounds "9"]
[EventCountry "CZE"]
[SourceTitle "CBM 146 Extra"]
[Source "ChessBase"]
[SourceDate "2012.02.29"]
[SourceVersion "1"]
[SourceVersionDate "2012.02.29"]
[SourceQuality "1"]

1. d4 f5 2. Nc3 Nf6 3. Bg5 d5 4. Bxf6 exf6 5. e3 Be6 6. Bd3 c6 7. Qf3 g6 8. Nge2 Nd7 9. h4 h5 10. 0-0 Qc7 11. a3 Nb6 12. Qg3 Qh7 13. b4 0-0-0 14. b5 Bd6 15. Nf4 Bd7 16. bxc6 bxc6 17. Qxg6 Qe7 18. Bxf5 Rdf8 19. Bxd7+ Qxd7 20. Qg3 Rfg8 21. Qh3 Rg4 22. Nce2 Rhg8 23. Kh1 f5 24. g3 Nc4 25. Rfd1 1/2-1/2

[Event "Athens Acropolis op"]
[Site "Athens"]
[Date "2005.03.11"]
[Round "6"]
[White "Sigalas, Frangiskos"]
[Black "Gkogkas, Dimitrios"]
[Result "0-1"]
[WhiteElo "2306"]
[BlackElo "2149"]
[PlyCount "48"]
[EventDate "2005.03.06"]
[EventType "swiss"]
[EventRounds "9"]
[EventCountry "GRE"]
[SourceTitle "CBM 105 Extra"]
[Source "ChessBase"]
[SourceDate "2005.05.01"]
[SourceVersion "1"]
[SourceVersionDate "2005.05.01"]
[SourceQuality "1"]

1. e4 c5 2. Nf3 Nc6 3. d4 cxd4 4. Nxd4 Nf6 5. Nc3 d6 6. f3 e5 7. Nb3 Be7 8. Be3 0-0 9. Qd2 a5 10. Nd5 Nxd5 11. exd5 a4 12. Nc1 Nd4 13. Bd3 Nf5 14. Bxf5 Bxf5 15. Ne2 Qc7 16. Rc1 Qc4 17. b3 Qh4+ 18. Ng3 Bg6 19. 0-0 Bd8 20. c4 axb3 21. axb3 f5 22. f4 Qe7 23. Qb4 Ba5 24. Qa4 exf4 0-1

[Event "Athens Acropolis op"]
[Site "Athens"]
[Date "2005.03.07"]
[Round "2"]
[White "Gkogkas, Dimitrios"]
[Black "Gashimov, Vugar"]
[Result "0-1"]
[WhiteElo "2149"]
[BlackElo "2585"]
[PlyCount "44"]
[EventDate "2005.03.06"]
[EventType "swiss"]
[EventRounds "9"]
[EventCountry "GRE"]
[SourceTitle "CBM 105 Extra"]
[Source "ChessBase"]
[SourceDate "2005.05.01"]
[SourceVersion "1"]
[SourceVersionDate "2005.05.01"]
[SourceQuality "1"]

1. d4 Nf6 2. c4 e6 3. Nc3 Bb4 4. e3 0-0 5. Nge2 d5 6. a3 Be7 7. Ng3 c5 8. dxc5 dxc4 9. Qc2 b5 10. cxb6 Bb7 11. f3 Qxb6 12. Bxc4 Rc8 13. b3 Nd5 14. Na4 Nxe3 15. Qf2 Qa5+ 16. Bd2 Qe5 17. Bc3 Qf4 18. Bd2 Qf6 19. Bc3 Qh6 20. Bd2 Bg5 21. Rc1 Rd8 22. Rc3 Nxg2+ 0-1

[Event "Marianske Lazne op"]
[Site "Marianske Lazne"]
[Date "2005.01.26"]
[Round "6.5"]
[White "Vanko, Jiri"]
[Black "Gkogkas, Dimitrios"]
[Result "1-0"]
[WhiteElo "2141"]
[BlackElo "2149"]
[PlyCount "43"]
[EventDate "2005.01.22"]
[EventType "swiss"]
[EventRounds "9"]
[EventCountry "CZE"]
[SourceTitle "CBM 104 Extra"]
[Source "ChessBase"]
[SourceDate "2005.03.01"]
[SourceVersion "1"]
[SourceVersionDate "2005.03.01"]
[SourceQuality "1"]

1. e4 c5 2. Nf3 Nc6 3. d4 cxd4 4. Nxd4 Nf6 5. Nc3 d6 6. Be2 e5 7. Nb3 Be7 8. 0-0 0-0 9. f4 a5 10. a4 Nb4 11. Be3 exf4 12. Rxf4 Nd7 13. Rf2 Ne5 14. Nd5 Nxd5 15. exd5 Bg5 16. Bxg5 Qxg5 17. Nd4 Ng4 18. Bxg4 Bxg4 19. Nf3 Bxf3 20. Qxf3 Rac8 21. Re1 Rc5 22. Qxf7+ 1-0

[Event "Athens Acropolis op"]
[Site "Athens"]
[Date "2004.11.17"]
[Round "2"]
[White "Gkogkas, Dimitrios"]
[Black "Skalkotas, Nikolaos"]
[Result "1/2-1/2"]
[WhiteElo "2134"]
[BlackElo "2286"]
[PlyCount "49"]
[EventDate "2004.11.16"]
[EventType "swiss"]
[EventRounds "9"]
[EventCountry "GRE"]
[SourceTitle "CBM 103 Extra"]
[Source "ChessBase"]
[SourceDate "2005.01.01"]
[SourceVersion "1"]
[SourceVersionDate "2005.01.01"]
[SourceQuality "1"]

1. d4 Nf6 2. c4 g6 3. Nc3 Bg7 4. e4 0-0 5. f4 d6 6. Nf3 e5 7. dxe5 dxe5 8. Qxd8 Rxd8 9. fxe5 Ng4 10. Bf4 Nc6 11. Nd5 Rd7 12. e6 fxe6 13. Nxc7 e5 14. Nxe5 Rxc7 15. Nxg4 Bxb2 16. Bxc7 Bc3+ 17. Kd1 Bxa1 18. Ne3 Bd7 19. Be2 Re8 20. Bf3 Kg7 21. Kd2 Bd4 22. Nd5 Ne5 23. Be2 b6 24. Rf1 Bc6 25. h3 1/2-1/2

[Event "Komotini GP"]
[Site "Komotini"]
[Date "1993.??.??"]
[Round "3"]
[White "Ghinda, Mihail Viorel"]
[Black "Gkogkas, Dimitrios"]
[Result "1-0"]
[WhiteElo "2455"]
[BlackElo "2245"]
[PlyCount "75"]
[EventDate "1993.08.??"]
[EventType "swiss"]
[EventRounds "9"]
[EventCountry "GRE"]
[SourceTitle "TD"]
[Source "ChessBase"]
[SourceDate "1994.03.01"]
[SourceVersion "1"]
[SourceVersionDate "1994.03.01"]
[SourceQuality "1"]

1. e4 c5 2. Nc3 e6 3. Nf3 Nc6 4. d4 cxd4 5. Nxd4 Nf6 6. Nxc6 bxc6 7. e5 Nd5 8. Ne4 Qc7 9. f4 Qb6 10. c4 Bb4+ 11. Ke2 Ba6 12. Kf3 f5 13. Nf2 Nc7 14. Be3 Qb7 15. Qb3 Be7 16. Nd3 Qxb3 17. axb3 Rb8 18. Nc1 Rb7 19. Bd3 Kf7 20. Bc2 Rbb8 21. Rd1 Ke8 22. Bxa7 Ra8 23. Bb6 Bb7 24. Rxa8+ Nxa8 25. Ba5 g5 26. Ne2 Rg8 27. fxg5 Rxg5 28. Nf4 Rg4 29. g3 c5+ 30. Kf2 Rg8 31. b4 cxb4 32. Ba4 Bc5+ 33. Ke2 Bc8 34. Nxe6 Bb6 35. Bxb4 Rg4 36. Nf4 Nc7 37. Rd6 Bg1 38. e6 1-0